Schalke 04 all time xi - Statistics

General Stats
  • This quiz has been taken 50 times
  • The average score is 3 of 11
Answer Stats
Hint Answer % Correct
FW(Netherlands) Klaas-Jan Huntelaar
95%
DF(Germany) Benedikt Höwedes
71%
FW(Germany) Klaus Fischer
43%
MF(Germany) Olaf Thon
31%
MF(Germany) Leroy Sané
19%
GK(Germany) Norbert NIgbur
19%
DF(Germany) Klaus Fichtel
17%
FW(Germany) Gerald Asamoah
14%
MF(Germany) Ingo Anderbrügge
12%
DF(Germany) Rolf Rüssmann
2%
DF(Germany) Thomas Kruse
0%
No matching quizzes found
Score Distribution
Percent of People with Each Score
Percentile by Number Answered
Your Score History
You have not taken this quiz